000 00641nam a22002297a 4500
003 UA-OsUOA
001 36160
007 ta
008 20060119b un ||||| |||| 00| 0 ukr d
090 _a159.9:616.89-008.441.44
_bП86
942 _cBK
040 _aUA-OsUOA
_bukr
_cUA-OsUOA
_dUA-OsUOA
245 _aПсихологія суїциду
_bПосібник
_cЗа ред. В.П.Москальця
300 _a288 с.
955 _a2
041 _aukr
080 _a159.9:616.89-008.441.44
020 _a966-8226-13-5
260 _aК.
_bАкадемвидав
_c2004
650 7 _a159.9 Психологія
_2UDC
999 _c322409
_d322409